Normal view
MARC view
- Eastern question (Central Asia)
Entry Topical Term
001 - CONTROL NUMBER
- control field: 5486
003 - CONTROL NUMBER IDENTIFIER
- control field: NUST
005 - DATE AND TIME OF LATEST TRANSACTION
- control field: 20171017105109.0
008 - FIXED-LENGTH DATA ELEMENTS
- fixed length control field: 171017|| aca||aabn | a|a d
040 ## - CATALOGING SOURCE
- Original cataloging agency: NUST
- Transcribing agency: NUST
150 ## - HEADING--TOPICAL TERM
- Topical term or geographic name entry element: Eastern question (Central Asia)
670 ## - SOURCE DATA FOUND
- Source citation: Work cat.: (NUST)0: Spain, James W. (James William) 5485, The Pathan borderland /, 1963.
